Estudio sobre la cantidad y calidad de las aguas negras en el proyecto '10' del INVI
Uloženo v:
| Hlavní autor: | |
|---|---|
| Médium: | Kniha |
| Jazyk: | Spanish |
| Vydáno: |
Guatemala : Universidad de San Carlos de Guatemala.
1969.
|
| Témata: | |
| Tagy: |
Přidat tag
Žádné tagy, Buďte první, kdo vytvoří štítek k tomuto záznamu!
|
MARC
| LEADER | 00000nam a2200000Ia 4500 | ||
|---|---|---|---|
| 003 | 001889 | ||
| 005 | 20221231143955.0 | ||
| 008 | 140114s1969 gt a 000 ||spa d | ||
| 040 | |c cru CEDI | ||
| 082 | |a 628.3 M473e | ||
| 100 | |a Mayorga Licona, Francisco de Jesús |9 20903 | ||
| 245 | |a Estudio sobre la cantidad y calidad de las aguas negras en el proyecto '10' del INVI | ||
| 260 | |a Guatemala : Universidad de San Carlos de Guatemala. |c 1969. | ||
| 300 | |a 40 [34]páginas. : iustraciones ; 28 cm | ||
| 500 | |a Tesis (Ingeniero Civil) --Universidad de San Carlos de Guatemala. Facultad de Ingeniería | ||
| 650 | |x CALIDAD DEL AGUA |x TRATAMIENTO DEL AGUA |x PURIFICACION DEL AGUA |x DISPOSICION DE AGUAS RESIDUALES |9 20904 | ||
| 942 | |2 ddc |c BK | ||
| 999 | |c 15034 |d 15034 | ||
